000 00647nam a2200193 i 4500
001 68966
003 ES-MaACL
005 20250827075021.0
007 t|
008 040820s1911 fr ||||1| fre d
245 0 0 _aManuel de l'ingenieur /
_cnouvelle edition française du Manuel de la "Societe Hütte" traduit par L. Desmarest.
260 _a[S.l. :
_bs.n.],
_c1911 (
_eEvreux :
_fCh. Herissay)
300 _a2 v. ;
_c19 cm.
650 0 7 _aIngeniería
_2embne
_913767
700 1 _aDesmarest, L.
_943899
710 2 _aHütte Gesellschaft für Technische Informationen (Berlin)
_94628
852 _aES-MaACL
_jF-3189-90
999 _c68966
_d68966